00798cam a22002291 450000100060000000300080000600500170001400800410003103500200007203500180009204000420011004100080015208200200016010000360018024500990021626000850031530000360040050400510043665000160048765000410050365000240054411248BD-RjUL20211208235108.0140126s1944 nyua b 000 0 eng  a(BD-RjUL) 11297 a(OCoLC)660807 aDLCcOKentUdOCoLCdDLCdBD-RjULbeng aeng a541.7bWHT 19441 aWheland, George Willard,d1907-14aThe theory of resonance and its application to organic chemistry /cby George Willard Wheland. aNew York,aLondon :bJ. Wiley and Sons, inc.;bChapman and Hall, limited,c1944. avi, 316 p. :bdiagrs. ;c22 cm. aIncludes index and Bibliographical foot-notes. 0aMesomerism. 0aChemistry, Physical and theoretical. 0aChemistry, Organic.